00477nam a2200157 a 450000100100000000500170001000800410002702000180006804000250008608200210011110000340013224500580016626000430022430000260026750400260029300004688220201002053200.0180405s2004 dr 000 0 spa d a9789945444131 aDO-SdBNPbspacBNPHU axxxbC965e, 4to.1 aCuello del Orbe, Elisa Ysabel10aEducación sexual 4 /cElisa Ysabel Cuello del Orbe. aSanto Domingo, :bActualidad,c[s.f.]. a64p. :bil. ;c28 cm. aBibliografía: p. 64